[Event "12th Open"]
[Site "Malaga ESP"]
[Date "2009.07.11"]
[Round "1"]
[White "Fomani,M"]
[Black "Kurajica,B"]
[Result "0-1"]
[WhiteElo "2036"]
[BlackElo "2524"]

1.d4 Nf6 2.Bg5 Ne4 3.Bh4 d5 4.e3 c5 5.Bd3 Nf6 6.c3 Nc6 7.Nf3 g6 8.Nbd2 Bg7
9.O-O O-O 10.h3 Nd7 11.Re1 e5 12.dxe5 Ndxe5 13.Nxe5 Nxe5 14.Bf1 Nc6 15.Nf3 Be6
16.Qd2 h6 17.Rad1 Qb6 18.Qc1 g5 19.Bg3 Rad8 20.Rd2 Rd7 21.Red1 Rfd8 22.Qc2 d4
23.exd4 cxd4 24.Nxd4 Nxd4 25.cxd4 Bxa2 26.Qe4 Bb3 27.Rc1 Bd5 28.Qf5 Be6 29.Qe4 Rxd4
30.Rxd4 Rxd4 31.Qc2 Qd8 32.b3 Rd2 33.Qc5 Bd4 34.Qb4 Bb6 35.Bc4 a5 36.Qc3 Bxc4
37.Qxc4 h5 38.Qe4 h4 39.Bxh4 Rd1+ 40.Rxd1 Qxd1+ 41.Kh2 gxh4 42.Qxh4 Bc7+
43.g3 Qe2 44.Qg5+ Kf8 45.Qf5 Qe6 46.Qc5+ Qd6 47.Qc3 b5 48.Kg2 Qd5+ 49.Kg1 Bb6
50.h4 Qc5 51.Qd2 a4 52.bxa4 bxa4 53.h5 Qxf2+  0-1

[Event "ch-SUI"]
[Site "Graechen SUI"]
[Date "2009.07.12"]
[Round "4"]
[White "Filipovic,Br"]
[Black "Lehmann,Marc"]
[Result "0-1"]
[WhiteElo "2422"]
[BlackElo "2268"]

1.d4 Nf6 2.Bg5 Ne4 3.Bf4 c5 4.f3 Qa5+ 5.c3 Nf6 6.d5 d6 7.e4 e6 8.Na3 exd5
9.exd5 Be7 10.Be2 O-O 11.g4 Re8 12.Kf1 Nbd7 13.c4 a6 14.Bd2 Qb6 15.Qc2 Qd8
16.Re1 g6 17.h4 Bf8 18.h5 Bg7 19.Nh3 Ne5 20.Nf2 b5 21.b3 Rb8 22.h6 Bh8 23.Rg1 bxc4
24.bxc4 Ned7 25.Nd1 Nb6 26.Nb1 Nfd7 27.f4 Bd4 28.g5 Nf6 29.gxf6 Bh3+ 30.Rg2 Qxf6
31.Nf2 Qh4  0-1

[Event "6th South Wales Int"]
[Site "Treforest WLS"]
[Date "2009.07.12"]
[Round "2"]
[White "Thomas,Jam"]
[Black "Miezis,N"]
[Result "0-1"]
[WhiteElo "1868"]
[BlackElo "2572"]

1.d4 Nf6 2.Bg5 Ne4 3.Bf4 d5 4.f3 Nd6 5.c3 Nd7 6.Nd2 c5 7.Qc2 e6 8.Bxd6 Bxd6
9.g3 cxd4 10.cxd4 O-O 11.e3 e5 12.Bd3 h6 13.Ne2 Re8 14.O-O-O Nb6 15.Kb1 Bd7
16.Rc1 exd4 17.exd4 Qf6 18.Rhf1 Re3 19.Ka1 Rae8 20.Rf2 Rc8 21.Nc3 Qxd4 22.Bh7+ Kh8
23.Nf1 Ree8 24.Rd1 Qf6 25.Bd3 d4 26.Ne4 Rxc2 27.Nxf6 Rxf2 28.Nxe8 Bxe8 29.Re1 Bc6  0-1

[Event "Matskevich Mem GM"]
[Site "Kharkiv UKR"]
[Date "2009.07.13"]
[Round "6"]
[White "Shpagin,V"]
[Black "Kagramanianz,V"]
[Result "1/2-1/2"]
[WhiteElo "2362"]
[BlackElo "2240"]

1.d4 Nf6 2.Bg5 Ne4 3.Bf4 c5 4.f3 Qa5+ 5.c3 Nf6 6.Nd2 cxd4 7.Nb3 Qb6 8.Qxd4 Nc6
9.Qxb6 axb6 10.Be3 b5 11.Nd4 b4 12.Nb5 Ra4 13.Bb6 bxc3 14.Nc7+ Kd8 15.Ne6+ Ke8
16.Nc7+  1/2-1/2

[Event "6th South Wales Int"]
[Site "Treforest WLS"]
[Date "2009.07.14"]
[Round "6"]
[White "Thomas,Jam"]
[Black "Owens,M"]
[Result "1-0"]
[WhiteElo "1868"]
[BlackElo "1731"]

1.d4 Nf6 2.Bg5 Ne4 3.Bf4 d5 4.f3 Nf6 5.c4 g6 6.Nc3 Bg7 7.e4 dxe4 8.fxe4 Bg4
9.Be2 Bxe2 10.Ngxe2 O-O 11.O-O c6 12.Qd2 Na6 13.Rf3 h5 14.e5 Nd7 15.Bh6 c5
16.Bxg7 Kxg7 17.Nf4 Nxe5 18.Nxh5+ gxh5 19.Qg5+ Ng6 20.d5 Qc7 21.Raf1 f6 22.Qf5 Nh4
23.Qxh5 Nxf3+ 24.Rxf3 Rh8 25.Qg4+ Kf7 26.Qe6+ Kf8 27.h3 Qb6 28.d6 Qxd6 29.Rxf6+ exf6
30.Qxd6+ Kg7 31.Qe7+ Kg6 32.Qxb7 Nb4 33.a3 a5 34.axb4 axb4 35.Qe4+ Kf7 36.Nd5 Rae8
37.Qf5 Re6 38.Nf4 Re1+ 39.Kh2 Rh6 40.Qxc5  1-0

[Event "6th South Wales Int"]
[Site "Treforest WLS"]
[Date "2009.07.16"]
[Round "8"]
[White "Thomas,Jam"]
[Black "Jackson,O"]
[Result "0-1"]
[WhiteElo "1868"]
[BlackElo "2159"]

1.d4 Nf6 2.Bg5 Ne4 3.Bf4 c5 4.f3 Qa5+ 5.c3 Nf6 6.Nd2 cxd4 7.Nb3 Qf5 8.Bxb8 Rxb8
9.Qxd4 b6 10.e4 Qf4 11.Ne2 Qc7 12.e5 Ng8 13.Ng3 Nh6 14.Bd3 e6 15.O-O-O b5
16.f4 a5 17.f5 a4 18.Nd2 a3 19.b4 Ng4 20.Rde1 Nf2 21.Qxf2 Qxc3+ 22.Bc2 Bxb4
23.Qe3 Qb2+ 24.Kd1 Bb7 25.Nge4 Qxa2 26.Nd6+ Bxd6 27.exd6 O-O 28.Nb3 Rbc8
29.Qd3 exf5 30.Qxf5 g6 31.Qd3 b4 32.h4 Rc3 33.Qd2 Rxb3 34.Bxb3 Qxb3+ 35.Ke2 Bxg2  0-1

[Event "TCh Eur-Youth U18"]
[Site "Pardubice CZE"]
[Date "2009.07.18"]
[Round "3"]
[White "Srbis,J"]
[Black "Zelbel,P"]
[Result "1/2-1/2"]
[WhiteElo "2250"]
[BlackElo "2348"]

1.d4 Nf6 2.Bg5 Ne4 3.Bf4 c5 4.f3 Qa5+ 5.c3 Nf6 6.Nd2 cxd4 7.Nb3 Qd8 8.cxd4 d5
9.g4 e6 10.e3 Bb4+ 11.Kf2 O-O 12.Bd3 Bd6 13.Ne2 Nc6 14.g5 Ne8 15.Bb1 Bxf4
16.exf4 Nd6 17.h4 Bd7 18.h5 Ne7 19.Ng3 Ba4 20.Qd3 Nef5 21.Nxf5 exf5 22.Nc5 Bb5
23.Qd2 b6 24.Nd3 Bxd3 25.Bxd3 Qd7 26.b3 Rfe8 27.Rae1 Rxe1 28.Rxe1 Re8 29.Re5 Rxe5
30.fxe5 Ne8 31.a4 Nc7 32.Qc3 g6 33.hxg6 hxg6 34.f4 Ne6 35.Bb5 Qc7 36.Qxc7 Nxc7
37.Bd3 Kf8 38.Ke3  1/2-1/2

[Event "LTC Open A"]
[Site "Leiden NED"]
[Date "2009.07.19"]
[Round "9"]
[White "Shyam,SM"]
[Black "Vovk,Y"]
[Result "0-1"]
[WhiteElo "2415"]
[BlackElo "2567"]

1.d4 Nf6 2.Bg5 Ne4 3.Bf4 c5 4.f3 Qa5+ 5.c3 Nf6 6.d5 Qb6 7.Bc1 e6 8.e4 exd5
9.exd5 Bd6 10.c4 O-O 11.Bd3 Qc7 12.Ne2 b5 13.g3 bxc4 14.Bxc4 Be7 15.a4 d6
16.a5 Na6 17.O-O Nb4 18.Nbc3 Bf5 19.g4 Bg6 20.Nf4 Bc2 21.Qd2 Nd7 22.Na2 Ne5
23.Nxb4 cxb4 24.Qxc2 Nxc4 25.b3 Qc5+ 26.Rf2 Qd4 27.Ra4 Bh4 28.Rxb4 Bxf2+
29.Qxf2 Qd1+ 30.Qf1 Qxf1+ 31.Kxf1 Ne5 32.Kg2 Rfc8 33.Bd2 Rc2 34.Rd4 Rb8  0-1

[Event "Politiken Cup"]
[Site "Helsingor DEN"]
[Date "2009.07.21"]
[Round "5"]
[White "Nielsen,JanM"]
[Black "Jonsson,Ol"]
[Result "1-0"]
[WhiteElo "2115"]
[BlackElo "1899"]

1.d4 Nf6 2.Bg5 Ne4 3.h4 c5 4.d5 Qa5+ 5.c3 g6 6.Nd2 Nxg5 7.hxg5 d6 8.e4 Bg7
9.Ngf3 b5 10.Bd3 Nd7 11.Qe2 c4 12.Bc2 O-O 13.Qe3 Nc5 14.Nd4 Re8 15.Nc6 Qb6
16.Qf4 a5 17.O-O-O Ne6 18.dxe6 Bxe6 19.Nd4 b4 20.Nxe6 fxe6 21.Rxh7 Rec8 22.Rdh1 bxc3
23.bxc3 Rab8 24.Nb1 e5 25.Qh4 Qb2+ 26.Kd2 Qb6 27.Rxg7+ Kxg7 28.Qh7+ Kf8 29.Qxg6 Qxf2+
30.Kd1  1-0

[Event "13th Battle of Senta Open A"]
[Site "Senta SRB"]
[Date "2009.07.21"]
[Round "5"]
[White "Pakhomov,A"]
[Black "Savic,Miod1"]
[Result "0-1"]
[WhiteElo "2439"]
[BlackElo "2535"]

1.d4 Nf6 2.Bg5 Ne4 3.Bf4 d5 4.f3 Nf6 5.Nc3 e6 6.Qd2 a6 7.e4 Nc6 8.e5 Nd7
9.Be3 Ndxe5 10.dxe5 d4 11.O-O-O dxe3 12.Qxe3 Qe7 13.f4 Qc5 14.Qg3 Bd7 15.Ne4 Qa5
16.Bc4 Qa4 17.Qb3 Qxb3 18.axb3 h6 19.Nf3 O-O-O 20.h4 Nb4 21.Rhe1 Be7 22.c3 b5
23.Bf1 Nd5 24.g3 Bc6 25.Nd4 Bb7 26.b4 Nxb4 27.cxb4 Bxb4 28.Nc3 Bc5 29.Nb3 Bf2
30.Rxd8+ Rxd8 31.Rd1 Bxg3 32.Rxd8+ Kxd8 33.Ne2 Bxh4 34.Nc5 Bc8 35.Kd2 Be7
36.Ne4 Bb7 37.Ke3 c5 38.Nc1 c4 39.Kd4 Kc7 40.Ne2 f5 41.exf6 gxf6 42.f5 exf5
43.N4c3 Kd6 44.Ng3 Bd8 45.Ke3 Ke5 46.Kd2 f4 47.Nge2 Bb6 48.Ke1 h5 49.Bh3 f5
50.Kf1 b4 51.Nb1 Be3 52.Ke1 h4 53.Nd2 Bd5 54.Nf1 a5 55.Nxe3 fxe3 56.Nc1 f4
57.Ke2 Kd4 58.Bg4 Be4 59.Bf3 h3  0-1

[Event "2nd Open"]
[Site "Paleohora GRE"]
[Date "2009.07.22"]
[Round "2"]
[White "Ignatiadis,K"]
[Black "Vorobiov,E"]
[Result "1/2-1/2"]
[WhiteElo "2227"]
[BlackElo "2598"]

1.d4 Nf6 2.Bg5 Ne4 3.Bf4 c5 4.f3 Qa5+ 5.c3 Nf6 6.Nd2 cxd4 7.Nb3 Qf5 8.Bxb8 Rxb8
9.Qxd4 b6 10.e4 Qf4 11.Ne2 Qc7 12.e5 Ng8 13.Qe3 e6 14.Ned4 a6 15.f4 Ne7 16.Bd3 Nd5
17.Qg3 f5 18.exf6 Qxf4 19.fxg7 Qxg3+ 20.hxg3 Bxg7 21.Rxh7 Rxh7 22.Bxh7 Ne3
23.Ke2 Nc4 24.Rb1 Bb7 25.Nf3 Ke7 26.Bd3 Bd5 27.Nbd2 b5 28.g4 a5 29.g5 Nxd2
30.Kxd2 b4 31.a3 Ba2 32.Rc1 bxc3+ 33.bxc3 a4 34.Nd4 Bd5 35.Rb1 Rh8 36.Nf3 Bxf3
37.gxf3 Rh2+ 38.Be2 Bxc3+ 39.Kd3 Ba5 40.Rb7 Rg2 41.Ke3 Rxg5 42.Rb5 d5 43.f4 Rf5
44.Bd3 Rh5 45.f5 Rh3+ 46.Ke2 Rh2+ 47.Kf3 Bd8 48.fxe6 Kxe6 49.Rb4 Bg5 50.Bb5 Rh3+
51.Ke2 Ke5 52.Rxa4 d4 53.Ra5 Re3+ 54.Kd1 Bd8 55.Ra8 Be7 56.Kd2 Rb3 57.Re8 Kd6
58.a4 Bg5+ 59.Ke2 Ra3 60.Rg8 Be3 61.Rd8+ Kc5 62.Rc8+ Kb4 63.Rd8 Rc3 64.Rd7 Rc5
65.Kd3  1/2-1/2

[Event "Synthesia Rapid Open"]
[Site "Pardubice CZE"]
[Date "2009.07.22"]
[Round "2"]
[White "Paci,C"]
[Black "Maslak,K"]
[Result "0-1"]
[WhiteElo "2325"]
[BlackElo "2545"]

1.d4 Nf6 2.Bg5 Ne4 3.Bf4 c5 4.f3 Qa5+ 5.c3 Nf6 6.Nd2 cxd4 7.Nb3 Qb6 8.Qxd4 Qxd4
9.cxd4 e6 10.Rc1 Nc6 11.e4 Bb4+ 12.Kf2 b6 13.g4 Bb7 14.a3 Be7 15.Ne2 g5 16.Be5 d6
17.Bg3 h5 18.gxh5 Nxh5 19.Nc3 Nxg3 20.Kxg3 Bf6 21.Nb5 Rd8 22.d5 exd5 23.exd5 Ne7
24.Nc7+ Kf8 25.Bc4 Bxb2 26.Rc2 Be5+ 27.Kg2 Rc8  0-1

[Event "17th Open"]
[Site "Saint Affrique FRA"]
[Date "2009.07.23"]
[Round "7"]
[White "Saada,J"]
[Black "Laclau,D"]
[Result "1/2-1/2"]
[WhiteElo "2289"]
[BlackElo "2296"]

1.d4 Nf6 2.Bg5 Ne4 3.Bf4 c5 4.f3 Qa5+ 5.c3 Nf6 6.d5 Qb6 7.Bc1 e6 8.c4 Qb4+
9.Nc3 Qxc4 10.e4 Qb4 11.Bd2 Qb6 12.Bc4 d6 13.Nge2 e5 14.Rb1 Be7 15.Be3 Qd8
16.Qd2 O-O 17.Ng3 Na6 18.Nf5 Nc7 19.g4 Rb8 20.a4 b6 21.Nb5 Ra8 22.O-O a6
23.Na3 a5 24.Rf2 Bd7 25.b3 Rb8 26.Bd3 b5 27.Qxa5 b4 28.Nb5 Nfe8 29.f4 Bh4
30.Nxh4 Ra8 31.Qb6 Rb8 32.Qa5 Ra8 33.Qb6 Rb8  1/2-1/2

[Event "Czech Open A"]
[Site "Pardubice CZE"]
[Date "2009.07.24"]
[Round "1"]
[White "Kireev,Al"]
[Black "Porat,Ma"]
[Result "1-0"]
[WhiteElo "2389"]
[BlackElo "2221"]

1.d4 Nf6 2.Bg5 Ne4 3.Bh4 c5 4.f3 Qa5+ 5.c3 Nf6 6.e3 d5 7.Nd2 Qb6 8.Qb3 e6
9.f4 Nc6 10.Ngf3 Qxb3 11.axb3 cxd4 12.exd4 Bd6 13.Ne5 Ng8 14.b4 f6 15.Nxc6 bxc6
16.Bg3 h5 17.Nf3 h4 18.Bxh4 Bxf4 19.Kf2 Nh6 20.Bd3 Ng4+ 21.Ke2 O-O 22.h3 Nh6
23.Ba6 Nf5 24.Bf2 Ng3+ 25.Bxg3 Bxg3 26.Bxc8 Rfxc8 27.Ra6 Kf7 28.Rha1 Rc7
29.Nd2 Ke7 30.Nb3 Bd6 31.Kd3 Kd7 32.Kc2 Ke7 33.Nc1 Kd7 34.Nd3 Ke7 35.b3 e5
36.Re1 e4 37.Nc5 Bxc5 38.bxc5 Ke6 39.b4 Ke7 40.c4 Rb8 41.b5 f5 42.bxc6 Ke6
43.Kc3 f4 44.Rf1 Rf8 45.h4 g6 46.Ra2 Rcf7 47.c7 dxc4 48.Rxa7 Rf5 49.Kxc4 f3
50.gxf3 Rxf3 51.Re1 Kf5 52.d5 e3 53.d6 Ke6 54.Rb7 Kd7 55.Rb8 R3f4+ 56.Kb5  1-0

[Event "Dutch Open"]
[Site "Dieren NED"]
[Date "2009.07.25"]
[Round "5"]
[White "Van Ruitenburg,J"]
[Black "Timmermans,M"]
[Result "1-0"]
[WhiteElo "2302"]
[BlackElo "2125"]

1.d4 Nf6 2.Bg5 Ne4 3.Bh4 g5 4.Bg3 Nxg3 5.hxg3 Bg7 6.c3 d5 7.e3 Bf5 8.g4 Bg6
9.Bd3 Qd7 10.f3 e5 11.Ne2 Qe6 12.Qd2 O-O 13.dxe5 Bxe5 14.Kf2 Qb6 15.Bxg6 hxg6
16.Qxd5 Nc6 17.Na3 Qxb2 18.Nc4 Bg3+ 19.Kxg3 Qxe2 20.Qxg5 Kg7 21.Qh6+ Kf6
22.Qf4+ Ke6 23.Qe4+  1-0

[Event "zt 3.3"]
[Site "Ho Chi Minh City VIE"]
[Date "2009.07.25"]
[Round "4"]
[White "Duong The Anh"]
[Black "Baba,M"]
[Result "1-0"]
[WhiteElo "2440"]
[BlackElo "2229"]

1.d4 Nf6 2.Bg5 Ne4 3.Bf4 c5 4.f3 Qa5+ 5.c3 Nf6 6.Nd2 cxd4 7.Nb3 Qb6 8.Qxd4 Nc6
9.Qxb6 axb6 10.Nd4 Nxd4 11.cxd4 e6 12.e4 d6 13.Bd3 Be7 14.Ne2 O-O 15.Nc3 Nh5
16.Be3 Nf6 17.Ke2 Bd7 18.Rac1 d5 19.e5 Ne8 20.a3 f6 21.f4 fxe5 22.fxe5 g6
23.g4 Ng7 24.h4 Rf7 25.Rh3 Rc8 26.Na2 Rxc1 27.Bxc1 Rf8 28.Bd2 Be8 29.Bh6 Bd7
30.Nc3 Rc8 31.Nd1 Ba4 32.Kd2 Bd7 33.Ne3 Rf8 34.Ke2 Ra8 35.Rh1 Ra4 36.Nc2 Ra8
37.Bd2 Rf8 38.Ne1 Ra8 39.Nf3 Rc8 40.Rg1 Be8 41.Bh6 Bf8 42.Ng5 Be7 43.Rf1 Bxg5
44.Bxg5 h5 45.gxh5 Nxh5 46.Rg1 Kg7 47.Kd2 Bf7 48.Be2 Kh7 49.Rf1 Kg7 50.Rf3 Be8
51.Rb3 Bc6 52.Rxb6 Ng3 53.Bb5 Nf5 54.Bxc6 bxc6 55.Rb7+ Kf8 56.Kd3 c5 57.dxc5 Rxc5
58.b4 Rc4 59.a4 Rd4+ 60.Kc2 Rc4+ 61.Kb2 d4 62.a5 d3 63.a6 Rc2+ 64.Kb1  1-0

[Event "13th Battle of Senta Open A"]
[Site "Senta SRB"]
[Date "2009.07.25"]
[Round "9"]
[White "Kulakov,V"]
[Black "Nestorovic,De"]
[Result "1-0"]
[WhiteElo "2364"]
[BlackElo "2405"]

1.d4 Nf6 2.Bg5 Ne4 3.Bf4 d5 4.e3 c5 5.c3 Nc6 6.Nd2 Nxd2 7.Qxd2 Bf5 8.Bd3 Bxd3
9.Qxd3 e6 10.Nf3 Be7 11.O-O O-O 12.dxc5 Bxc5 13.Ng5 g6 14.e4 Be7 15.Nf3 dxe4
16.Qxe4 Qb6 17.b4 Bf6 18.Rac1 a5 19.Be3 Qb5 20.Bc5 Rfc8 21.c4 Qa4 22.Qf4 Kg7
23.b5 Nb4 24.Bd4 Bxd4 25.Qxd4+ Kg8 26.Qf6 Nxa2 27.Ne5 Rc7 28.Rcd1 Rf8 29.Rd8 Qb4
30.Rfd1 Rc8 31.Qxf7+  1-0

[Event "2nd Open"]
[Site "Paleohora GRE"]
[Date "2009.07.26"]
[Round "7"]
[White "Ignatiadis,K"]
[Black "Smith,Bry"]
[Result "1/2-1/2"]
[WhiteElo "2227"]
[BlackElo "2467"]

1.d4 Nf6 2.Bg5 Ne4 3.Bf4 c5 4.f3 Nf6 5.c3 Qb6 6.Qb3 Qxb3 7.axb3 cxd4 8.cxd4 Nc6
9.e3 Nd5 10.Ne2 e6 11.Nbc3 Bb4 12.Kd2 Nxf4 13.Nxf4 d5 14.Bb5 O-O 15.Bxc6 bxc6
16.Nd3 Bd6 17.f4 Bd7 18.Ra6 Rfb8 19.Kc2 Rb6 20.Rha1 Rab8 21.Rxa7 Be8 22.Ra8 Rxb3
23.Rxb8 Rxb8 24.Ra6 f6 25.Na4 Rb7 26.Nac5 Re7 27.b4 Kf7 28.Rb6 h5 29.Rb7 h4
30.Rxe7+ Kxe7 31.Kd2 Bg6 32.Nc1 e5 33.g3 h3 34.N1b3 Be8 35.Ke2 g5 36.dxe5 fxe5
37.fxe5 Bxe5 38.Nd4 Kd6 39.Kf2 Bg6 40.Nce6 Bf6 41.Nc5 Be8 42.Kf3 Bh5+ 43.g4 Be8
44.Kg3 Kc7 45.Kxh3 Kb6 46.Kg2 Be7 47.Nd3 Bg6 48.Nf5 Bf8 49.Kf3 Kb5 50.e4 dxe4+
51.Kxe4 Bxb4 52.Nxb4 Kxb4 53.Ke5 c5 54.Kf6 Bxf5 55.gxf5 c4 56.Kg7 c3 57.f6 c2  1/2-1/2

[Event "XXXV d'Esca Open"]
[Site "Sitges ESP"]
[Date "2009.07.26"]
[Round "5"]
[White "Fernandez Aguado,E"]
[Black "Almeida Quintana,O"]
[Result "0-1"]
[WhiteElo "2340"]
[BlackElo "2524"]

1.d4 Nf6 2.Bg5 Ne4 3.Bf4 c5 4.f3 Nf6 5.d5 Qb6 6.Bc1 g6 7.e4 d6 8.c4 Bg7 9.Nc3 O-O
10.a4 e6 11.a5 Qd8 12.Bg5 h6 13.Be3 exd5 14.cxd5 Na6 15.Bc4 Nd7 16.Nge2 Ne5
17.b3 f5 18.O-O f4 19.Bxa6 fxe3 20.Bb5 a6 21.Bc4 g5 22.Qc1 Ng6 23.Qxe3 Be5
24.Ra2 Kh7 25.Qd3 Nf4 26.Nxf4 gxf4 27.Ne2 Qh4 28.b4 Rg8 29.Nc1 cxb4 30.Kh1 Rg5
31.Qd2 Rh5 32.h3 Bxh3 33.Kg1 Rg8 34.Qxb4 Bd4+  0-1

[Event "Czech Open A"]
[Site "Pardubice CZE"]
[Date "2009.07.27"]
[Round "4"]
[White "Vavra,P1"]
[Black "Skinke,K"]
[Result "0-1"]
[WhiteElo "2381"]
[BlackElo "2200"]

1.d4 Nf6 2.Bg5 Ne4 3.h4 d5 4.Nd2 Bf5 5.e3 Nxg5 6.hxg5 e6 7.g4 Bg6 8.f4 c5
9.Ngf3 cxd4 10.Bb5+ Nc6 11.Nxd4 Qd7 12.Qf3 e5 13.Ne2 f5 14.gxf5 Bxf5 15.fxe5 a6
16.Ba4 Bb4 17.c3 Be7 18.e6 Bxe6 19.O-O-O O-O-O 20.Qg2 Bc5 21.Nd4 Bxd4 22.exd4 Bf5
23.Bc2 Bxc2 24.Kxc2 Qf5+ 25.Kc1 Kb8 26.Rdf1 Qg6 27.Qg4 Rdf8 28.Nf3 Qd3 29.Nd2 Nb4
30.Rxf8+ Rxf8 31.cxb4 Rc8+ 32.Kd1 Qc2+ 33.Ke2 Re8+ 34.Kf3 Qd3+ 35.Kf2 Qxd2+  0-1

[Event "Dutch Open"]
[Site "Dieren NED"]
[Date "2009.07.28"]
[Round "7"]
[White "Van Ruitenburg,J"]
[Black "Wilgenhof,O"]
[Result "0-1"]
[WhiteElo "2302"]
[BlackElo "2207"]

1.d4 Nf6 2.Bg5 Ne4 3.Bh4 g5 4.f3 gxh4 5.fxe4 c5 6.e3 Bh6 7.Nd2 Bxe3 8.d5 d6
9.Nc4 Bd4 10.c3 Bf6 11.Qh5 Nd7 12.Nf3 Nf8 13.e5 dxe5 14.Ncxe5 Ng6 15.Bb5+ Kf8
16.O-O Kg7 17.Rae1 Qxd5 18.Bc4 Nf4 19.Bxd5 Nxh5 20.Nxf7 Nf4 21.Bb3 Rf8 22.N7g5 Nd3
23.Re3 Nxb2 24.Bd5 Bf5 25.Nxh4 Bxg5 26.Rg3 Bd3 27.Re1 Kh6 28.Nf3 Bf6 29.Re6 Rad8
30.Bxb7 Bf5 31.Re2 Rd1+ 32.Kf2 Nd3+ 33.Ke3 Be5 34.Nxe5 Nxe5 35.Be4 Nc4+ 36.Kf4 e5+
37.Kf3 Be6+  0-1

[Event "III Deportiva San Juan Open"]
[Site "Pamplona ESP"]
[Date "2009.07.28"]
[Round "2"]
[White "Rusev,K"]
[Black "Villavicencio Martinez,A"]
[Result "1-0"]
[WhiteElo "2543"]
[BlackElo "2340"]

1.d4 Nf6 2.Bg5 Ne4 3.Bf4 c5 4.f3 Qa5+ 5.c3 Nf6 6.d5 d6 7.e4 g6 8.Na3 Bg7
9.Qd2 h5 10.Bd3 Nbd7 11.Nc4 Qc7 12.a4 O-O 13.Ne2 Ne5 14.O-O Bd7 15.Nxe5 dxe5
16.Bg5 c4 17.Bc2 Rfe8 18.Kh1 Qd6 19.Rad1 a5 20.h3 b5 21.f4 Nh7 22.fxe5 Bxe5
23.Bf4 bxa4 24.Bxe5 Qxe5 25.Nd4 Rab8 26.Qf2 Rf8  1-0

[Event "zt 3.3"]
[Site "Ho Chi Minh City VIE"]
[Date "2009.07.29"]
[Round "9"]
[White "Torre,E"]
[Black "Vuong Trung Hieu"]
[Result "1-0"]
[WhiteElo "2560"]
[BlackElo "1964"]

1.d4 Nf6 2.Bg5 Ne4 3.Bf4 d5 4.e3 Nd7 5.Bd3 g5 6.Bxe4 gxf4 7.Bxd5 fxe3 8.fxe3 e6
9.Bf3 Qg5 10.Qd3 Bh6 11.Ke2 a6 12.Nc3 Nf6 13.Nh3 Qh4 14.Nf2 c6 15.g3 Qg5
16.Nfe4 Nxe4 17.Nxe4 Qe7 18.a4 f5 19.Bh5+ Kd8 20.Nd2 Kc7 21.Nc4 Rd8 22.Bf3 e5
23.Nxe5 Bg7 24.Qc3 Bxe5 25.dxe5 a5 26.Rhd1 Qb4 27.Rxd8 Kxd8 28.Rd1+ Kc7 29.Qd4  1-0

[Event "Brama Lubawska"]
[Site "Lubawka POL"]
[Date "2009.07.30"]
[Round "2"]
[White "Stepinski,S"]
[Black "Zminda,B"]
[Result "0-1"]
[WhiteElo "1992"]
[BlackElo "2165"]

1.d4 Nf6 2.Bg5 Ne4 3.Bh4 g5 4.f3 gxh4 5.fxe4 c5 6.e3 Bh6 7.Kf2 Qb6 8.Nc3 Qxb2
9.Qd2 Qxa1 10.Nf3 Nc6 11.Rg1 cxd4 12.Nxd4 Nxd4 13.Qxd4 O-O 14.Bd3 Bxe3+ 15.Qxe3 Qxc3
16.e5 Qc6 17.Qg5+ Kh8 18.Qxh4 Qc5+ 19.Kf1 f5 20.exf6 Rxf6+ 21.Ke2 h6 22.Rf1 Qg5
23.Qd4 d5 24.h3 e5 25.Qxd5 Bf5 26.h4 Bg4+ 27.Rf3 Bxf3+ 28.gxf3 Qg2+ 29.Ke3 Qxf3+
30.Qxf3 Rxf3+ 31.Kxf3 Kg7 32.Kg4 Kf6 33.Be4 Rc8 34.Kh5 b6 35.Kg4 Rc3 36.Kh5 Re3
37.Bd5 e4 38.Kxh6 Ke5 39.c4 Rg3 40.Bf7 e3 41.Bh5 Rg2  0-1

[Event "Czech Open A"]
[Site "Pardubice CZE"]
[Date "2009.07.30"]
[Round "7"]
[White "Cerveny,M"]
[Black "Rasik,V"]
[Result "0-1"]
[WhiteElo "2380"]
[BlackElo "2455"]

1.d4 Nf6 2.Bg5 Ne4 3.Bf4 c5 4.f3 Nf6 5.d5 Nh5 6.Bg5 h6 7.Bh4 Qb6 8.Nd2 g5
9.Bf2 Qxb2 10.g4 Nf4 11.Rb1 Qe5 12.Rb3 Qxd5 13.Qa1 Rg8 14.e3 Bg7 15.Qb1 Ng6
16.Bc4 Qc6 17.e4 e6 18.Rb5 Na6 19.Ra5 Bc3 20.Ra3 Bxd2+ 21.Kxd2 Nc7 22.h4 b5
23.Bf1 b4 24.Ra5 d6 25.a3 Ba6 26.Bxa6 Nxa6 27.axb4 cxb4 28.Qa1 Nc7 29.hxg5 hxg5
30.Rxg5 e5 31.Ne2 Ne6 32.Rf5 a5 33.Rh7 Rg7 34.Rh1 a4 35.Qa2 Rb8 36.Rb1 Qb5
37.Be3 Nh4 38.Rf6 Rg6 39.Rxg6 Nxg6 40.Ng3 b3 41.cxb3 axb3 42.Qa7 Rc8 43.Rb2 Qc4
44.Kd1 Ngf4 45.Bxf4 Nxf4 46.Qe3 Nd3 47.Rh2  0-1

[Event "Arctic Chess Challenge"]
[Site "Tromso NOR"]
[Date "2009.08.01"]
[Round "1"]
[White "DeMac,E"]
[Black "Drozdovskij,Y"]
[Result "0-1"]
[WhiteElo "2089"]
[BlackElo "2620"]

1.d4 Nf6 2.Bg5 Ne4 3.Bh4 g5 4.f3 gxh4 5.fxe4 Bh6 6.Nd2 d6 7.c3 Nd7 8.Ngf3 e6
9.Qc2 b6 10.O-O-O Bb7 11.Kb1 Qe7 12.Ka1 O-O-O 13.Nc4 Nf6 14.e5 Ne4 15.exd6 cxd6
16.e3 Rhg8 17.Bd3 f5 18.Rhf1 Rg7 19.Rde1 Kb8 20.Re2 Rdg8 21.d5 Bxd5 22.Nd4 Qc7
23.Nb5 Qc5 24.Nca3 Nf6 25.Qa4 Bg5 26.Nc2 Ka8 27.Ncd4 Qc8 28.Nxd6 Qd7 29.Qa3 Rd8
30.N6b5 Rc8 31.b3 Be4 32.Bc4 Nd5 33.Nd6 Be7 34.Bxd5+ exd5 35.N4b5 Rd8 36.Qa5 bxa5  0-1

[Event "XXXV Open"]
[Site "Badalona ESP"]
[Date "2009.08.04"]
[Round "4"]
[White "Almeida Quintana,O"]
[Black "Garcia Gil,Ja"]
[Result "1-0"]
[WhiteElo "2524"]
[BlackElo "2203"]

1.d4 Nf6 2.Bg5 Ne4 3.Bf4 c5 4.f3 Nf6 5.d5 e6 6.e4 exd5 7.exd5 d6 8.Nc3 Be7
9.Qd2 a6 10.a4 O-O 11.Bc4 Re8 12.Nge2 Nh5 13.Be3 Nd7 14.O-O Ne5 15.Bb3 g6
16.h3 f5 17.a5 Bd7 18.f4 Nf7 19.Na4 Nf6 20.Nb6 Rb8 21.c4 Bf8 22.Bc2 Bg7 23.Ra3 Ne4
24.Bxe4 Rxe4 25.Ng3 Re8 26.b4 Rxe3 27.Rxe3 Bd4 28.Re1 Ng5 29.Kh2 Bxe3 30.Qxe3 Nf7
31.bxc5 dxc5 32.Qxc5 Be8 33.Qd4 Nd6 34.c5 Nc8 35.d6 Nxb6 36.Re7 Qxe7 37.dxe7 Nd7
38.Qd5+ Kg7 39.Ne2 Nf6 40.Qd8 Nd7 41.Nd4 Kf7 42.Kg3 h6 43.h4 Kf6 44.Kh3 h5
45.Kg3 Kf7 46.Kh2 Kf6 47.c6  1-0

[Event "HZ Open"]
[Site "Vlissingen NED"]
[Date "2009.08.06"]
[Round "7"]
[White "Provoost,S"]
[Black "Rosmuller,A"]
[Result "1-0"]
[WhiteElo "2265"]
[BlackElo "2112"]

1.d4 Nf6 2.Bg5 Ne4 3.Bf4 c5 4.f3 Nf6 5.dxc5 Qa5+ 6.Nc3 Qxc5 7.e4 d6 8.Qd2 a6
9.O-O-O Nc6 10.Kb1 Be6 11.Nge2 Rc8 12.Be3 Qa5 13.Nf4 Ne5 14.Nxe6 fxe6 15.Qf2 Ned7
16.g4 g6 17.g5 Nh5 18.Bh3 Bg7 19.Bxe6 Rxc3 20.bxc3 Bxc3 21.Bd4 Qb4+ 22.Bb3 Nc5
23.Bxc3 Qxc3 24.Rhe1 Rf8 25.Re3 Qb4 26.e5 Kd7 27.exd6 exd6 28.Qe2 Nf4 29.Re7+ Kc6
30.Rxd6+ Kxd6 31.Qe5+ Kc6 32.Qc7+ Kb5 33.c4+  1-0

[Event "Open"]
[Site "Olomouc CZE"]
[Date "2009.08.09"]
[Round "5"]
[White "Chernyshov,K"]
[Black "Jasny,S"]
[Result "1-0"]
[WhiteElo "2555"]
[BlackElo "2364"]

1.d4 Nf6 2.Bg5 Ne4 3.Bf4 e6 4.Nd2 d5 5.Nxe4 dxe4 6.e3 Bd6 7.Bxd6 Qxd6 8.c3 O-O
9.Qc2 e5 10.Qxe4 exd4 11.Bd3 g6 12.Qxd4 Qe7 13.Nf3 Nc6 14.Qh4 Qxh4 15.Nxh4 Ne5
16.Be2 Be6 17.Nf3 Nxf3+ 18.Bxf3 Rfd8 19.b3 c6 20.Ke2 a5 21.Be4 a4 22.Bc2 Ra5
23.Rhc1 axb3 24.axb3 Rda8 25.Rxa5 Rxa5 26.c4 Ra2 27.Kd3 Kf8 28.Kc3 Ke7 29.Rd1 h5
30.h4 b5 31.cxb5 cxb5 32.Rd4 Ra1 33.g3 Rf1 34.Rf4 Rc1 35.Kb2 Re1 36.Bd3 Bd7
37.Kc3 Rd1 38.Re4+ Kd6 39.Rd4+ Ke7 40.Kb4  1-0

[Event "24th ICT Acropolis"]
[Site "Chalkida GRE"]
[Date "2009.08.11"]
[Round "2"]
[White "Stefanova,A"]
[Black "Makropoulou,M"]
[Result "1-0"]
[WhiteElo "2535"]
[BlackElo "2245"]

1.d4 Nf6 2.Bg5 Ne4 3.Bf4 c5 4.f3 Nf6 5.d5 Qb6 6.Bc1 e6 7.e4 exd5 8.exd5 d6
9.Nc3 g6 10.Bb5+ Bd7 11.Qe2+ Kd8 12.a4 Bg7 13.Qf2 Na6 14.a5 Qc7 15.Bc4 Re8+
16.Kf1 Nb4 17.g4 a6 18.Bf4 h6 19.h4 h5 20.Qh2 Re5 21.Bxe5 dxe5 22.g5 Ne8
23.Ne4 Nd6 24.Nxd6 Qxd6 25.Qd2 Kc7 26.Rd1 Bb5 27.b3 Rd8 28.Ne2 f5 29.gxf6 Qxf6
30.Kg2 Rf8 31.Rdf1 Qf5 32.Bxb5 axb5 33.Qe3 b6 34.d6+ Kxd6 35.Ng3 Qf4 36.Qe4 Qxe4
37.Nxe4+ Ke6 38.Rd1 Nd5 39.Rxd5 Kxd5 40.Rd1+ Ke6 41.Rd6+  1-0

[Event "24th ICT Acropolis"]
[Site "Chalkida GRE"]
[Date "2009.08.11"]
[Round "2"]
[White "Stavrianakis,I"]
[Black "Tukhaev,A"]
[Result "1/2-1/2"]
[WhiteElo "2240"]
[BlackElo "2534"]

1.d4 Nf6 2.Bg5 Ne4 3.Bf4 c5 4.f3 Qa5+ 5.c3 Nf6 6.d5 Qb6 7.e4 Qxb2 8.Nd2 Qxc3
9.Bc7 d6 10.Ne2 Qd3 11.Rb1 b6 12.Rb3 Qa6 13.Bxb8 Rxb8 14.Nc3 Qb7 15.Nc4 Bd7
16.e5 dxe5 17.Nxe5 g6 18.Ne4 Nxe4 19.Nxd7 Kxd7 20.fxe4 Bg7 21.Bb5+ Kd6 22.O-O Bd4+
23.Kh1 f6 24.Ra3 a5 25.Rb3 h5 26.Qd3 h4 27.a4 h3 28.g3 Rh5 29.Qf3 Qc8 30.Bc4 Kc7
31.Rfb1 Qd7 32.Bb5 Qd6 33.Qd3 e6 34.dxe6 Qxe6 35.Bc4 Qc6 36.Bb5 Qd6 37.Qf3 Re5
38.Qg4 Qe6 39.Qxg6 Rxe4 40.Qh7+ Kd6 41.Bf1 c4 42.Rb5 Re1 43.Rxe1 Qxe1 44.Qf5 Bc5
45.Qxf6+ Kc7 46.Qf7+ Kc8 47.Qxc4 Kb7 48.Rxc5 bxc5 49.Qb5+ Kc7 50.Qxc5+ Kd7
51.Qd5+ Ke7 52.Qc5+ Kf6 53.Qd6+ Kf5 54.Qd7+ Kg6 55.Qd6+ Kf7 56.Qc7+  1/2-1/2